Loca REMIX - Khea, Bad Bunny, Duki, Cazzu - Estadísticas

Estadísticas generales
  • Esta prueba ha sido intentada 58 veces
  • La puntuación promedio es 655 de 909
Estadísticas de respuestas
Letra % Correcto
a
100%
e
100%
Es
100%
es
100%
la
100%
La
100%
Lo
100%
lo
100%
100%
mi
100%
se
100%
100%
Se
100%
en
97%
En
97%
loca
97%
Loca
97%
manda
97%
Me
97%
me
97%
mientras
97%
Mientras
97%
que
97%
Que
97%
qué
97%
Qué
97%
to
97%
toca
97%
un
97%
una
97%
Una
97%
vídeo
97%
video
97%
al
93%
Di
93%
dice
93%
Dice
93%
no
93%
No
93%
Y
93%
y
93%
buscar
90%
Buscar
90%
si
90%
Si
90%
Snap
90%
vídeos
90%
videos
90%
pa
87%
Pa
87%
quiere
87%
va
87%
él
83%
el
83%
con
80%
conmigo
80%
de
80%
De
80%
le
80%
Le
80%
puede
80%
vaya
80%
esperar
73%
hoy
73%
Hoy
73%
llego
73%
por
73%
Te
73%
te
73%
yeah
70%
Yeah
70%
Ella
67%
ella
67%
muere
67%
otra
67%
Otra
67%
yo
67%
Yo
67%
quiero
63%
Ya
63%
60%
cuello
57%
culo
57%
eh
57%
está
57%
esta
57%
todo
57%
bebé
53%
Bebé
53%
las
53%
los
53%
mal
53%
Mal
53%
mira
53%
siempre
53%
termina
53%
ah
50%
Ah
50%
babie
50%
baby
50%
Baby
50%
boca
50%
cama
50%
Cama
50%
hacer
50%
mojá
50%
Mojá
50%
na
50%
noche
50%
Otro
50%
otro
50%
tira
50%
toco
50%
vamo
50%
atrá
47%
cuando
47%
da
47%
del
47%
hay
47%
pastillita
47%
Sabe
47%
ar
43%
atragantá
43%
Atragantá
43%
beso
43%
encima
43%
ese
43%
fuego
43%
igual
43%
Igual
43%
más
43%
pide
43%
Prende
43%
sex
43%
trepa
43%
viene
43%
voy
43%
Chocha
40%
chocha
40%
codeína
40%
combi
40%
como
40%
completa
40%
Contigo
40%
cuatro
40%
dinero
40%
diosa
40%
Ey
40%
gol
40%
goza
40%
mar
40%
meto
40%
mitá
40%
Möet
40%
pasa
40%
Pidiéndome
40%
pone
40%
puso
40%
su
40%
Su
40%
teta
40%
yeh
40%
Yeh
40%
Agüero
37%
amar
37%
Argentina
37%
Cazzu
37%
chingar
37%
domina
37%
esa
37%
esto
37%
marihuana
37%
mis
37%
para
37%
Pero
37%
pido
37%
puta
37%
rico
37%
sale
37%
tacone
37%
Toda
37%
toda
37%
Traga
37%
vale
37%
Ahora
33%
ahora
33%
bellaca
33%
chingan
33%
cuero
33%
desde
33%
doctorado
33%
dura
33%
enamorar
33%
enamoré
33%
golosa
33%
llevar
33%
Llevar
33%
mando
33%
matar
33%
nacer
33%
Nena
33%
quién
33%
Quién
33%
respeta
33%
respirar
33%
Respirar
33%
ropa
33%
Tengo
33%
tengo
33%
tiene
33%
tumbármelo
33%
Tumbármelo
33%
balcone
30%
Dámelo
30%
dónde
30%
gusta
30%
hice
30%
KHEA
30%
Mendoza
30%
misma
30%
mover
30%
poder
30%
probar
30%
Probar
30%
pueda
30%
quedó
30%
quitó
30%
salió
30%
tomé
30%
toto
30%
vuelve
30%
agarre
27%
Aire
27%
Buenos
27%
Duki
27%
lugar
27%
Págame
27%
págame
27%
pasar
27%
afuera
23%
bajo
23%
dueña
23%
moré
23%
rebelde
23%
rompo
23%
sacó
23%
Todos
23%
todos
23%
ate
20%
bien
20%
Creo
20%
este
20%
Estoy
20%
estoy
20%
fumar
20%
fumárselo
20%
hago
20%
jode
20%
mejor
20%
merece
20%
Ni
20%
preguntan
20%
Tomó
20%
adentro
17%
Adentro
17%
enloquece
17%
morar
17%
nomá
17%
Nomá
17%
quieres
17%
sólo
17%
aguantar
13%
Jeje
13%
les
13%
pego
13%
truco
13%
enseñé
10%
Entre
10%
Wu
10%
Gucci
7%
huh
7%
líneas
7%
ode
7%
öet
7%
over
7%
saberlo
7%
Uy
7%
wuh
7%
Wuh
7%
bitche
3%
hacerte
3%
Porque
3%
Puente
3%
quede
3%
volver
3%
No se encontraron pruebas coincidentes
Distribución de puntuación
Porcentaje de gente con cada puntuación
Porcentaje por número respondido
Historial de tus puntuaciones
No has intentado esta prueba.